00850naa#a2200157#i#4500001001600000005001700016100004100033102000700074200019900081210018400280215001000464608004500474675011200519700004800631856001300679RU\\bibl\12480920260604101443.4##a20260531b2026####ek#y0rusy0150####ca##aRU1#aИСКУССТВЕННЫЙ ИНТЕЛЛЕКТ ПРИ РАССЛЕДОВАНИИ УГОЛОВНЫХ ДЕЛ: ВОЗМОЖНОСТИ И НЕВОЗМОЖНОСТИeЖурнальная статья1#aМоскваcНациональный исследовательский университет "Московский институт электронной техникиd2026##a0 с.##aЖурнальная статья2local##aКриминалистика. Криминалистическая техника и тактика. 343.98#1aХаликовgАслям Наилевич4#ahtlaw.ru